<?xml version='1.0' encoding='UTF-8'?>
  <record xmlns="http://www.loc.gov/MARC21/slim">
    <leader>00000cam a22000007i 4500</leader>
    <controlfield tag="001">ocm65980901</controlfield>
    <controlfield tag="003">OCoLC</controlfield>
    <controlfield tag="005">20250127162447.7</controlfield>
    <controlfield tag="007">ad cauun</controlfield>
    <controlfield tag="008">930526s1745    ru            000 0 lat d</controlfield>
    <datafield tag="040" ind1=" " ind2=" ">
      <subfield code="a">NLGGC</subfield>
      <subfield code="b">dut</subfield>
      <subfield code="e">rda</subfield>
      <subfield code="c">NLGGC</subfield>
      <subfield code="d">OCLCQ</subfield>
    </datafield>
    <datafield tag="029" ind1="0" ind2=" ">
      <subfield code="a">NLGGC</subfield>
      <subfield code="b">10773592X</subfield>
    </datafield>
    <datafield tag="034" ind1="3" ind2=" ">
      <subfield code="a">a</subfield>
      <subfield code="b">1470000</subfield>
      <subfield code="b">3444000</subfield>
    </datafield>
    <datafield tag="035" ind1=" " ind2=" ">
      <subfield code="a">(OCoLC)65980901</subfield>
    </datafield>
    <datafield tag="041" ind1="0" ind2=" ">
      <subfield code="a">lat</subfield>
      <subfield code="a">fre</subfield>
    </datafield>
    <datafield tag="045" ind1="2" ind2=" ">
      <subfield code="b">d1700</subfield>
      <subfield code="b">d1745</subfield>
    </datafield>
    <datafield tag="245" ind1="0" ind2="0">
      <subfield code="a">Atlas Rvssicvs, mappa vna generali et vndeviginti specialibvs vastissimvm Imperivm Russicvm cvm adjacentibvs regionibvs secvndum leges geographicas et recentissimas observationes delineatvm exhibens /</subfield>
      <subfield code="c">cvra et opera Academiae Imperialis Scientiarvm Petropolitanae = Atlas russien contenant une carte generale et dixneuf cartes particulieres de tous l'empire de Russie et des pays limitrophes / construites conformement aux regles de la geographie et aux dernieres observations / par l'Academie Imperiale des Sciences de St. Petersbourg.</subfield>
    </datafield>
    <datafield tag="246" ind1="3" ind2=" ">
      <subfield code="a">Atlas Russicus, mappa una generali et undeviginti specialibus vastissimum Imperium Russicum cum adjacentibus regionibus</subfield>
    </datafield>
    <datafield tag="246" ind1="3" ind2=" ">
      <subfield code="a">[Atlas van het Russische rijk]</subfield>
    </datafield>
    <datafield tag="254" ind1=" " ind2=" ">
      <subfield code="a">Schalen 1:1.470.000 en 1:3.444.000.</subfield>
    </datafield>
    <datafield tag="264" ind1=" " ind2="1">
      <subfield code="a">Petropoli :</subfield>
      <subfield code="b">Typis Academiae Imperialis Scientiarvm,</subfield>
      <subfield code="c">1745.</subfield>
    </datafield>
    <datafield tag="300" ind1=" " ind2=" ">
      <subfield code="a">[16] pagina's, 19 bladen :</subfield>
      <subfield code="b">kaarten ;</subfield>
      <subfield code="c">fol.maj</subfield>
    </datafield>
    <datafield tag="336" ind1=" " ind2=" ">
      <subfield code="a">cartografische afbeelding</subfield>
      <subfield code="b">cri</subfield>
      <subfield code="2">rdacontent/dut</subfield>
    </datafield>
    <datafield tag="337" ind1=" " ind2=" ">
      <subfield code="a">zonder medium</subfield>
      <subfield code="b">n</subfield>
      <subfield code="2">rdamedia/dut</subfield>
    </datafield>
    <datafield tag="338" ind1=" " ind2=" ">
      <subfield code="a">band</subfield>
      <subfield code="b">nc</subfield>
      <subfield code="2">rdacarrier/dut</subfield>
    </datafield>
    <datafield tag="500" ind1=" " ind2=" ">
      <subfield code="a">Met getekende landvormen.</subfield>
    </datafield>
    <datafield tag="505" ind1="8" ind2=" ">
      <subfield code="a">Bevat de kaarten: No 1: Lapponia Russica cum adjacentibus regionibus. -- Schaal [ongeveer 1:1.540.000]; No 2: Territorium Archangelopolin inter Petroburgum et Vologdam. -- Schaal [ongeveer 1:1.470.000]; No 3: Dvcatvvm Estaniae et Livoniae tabvla cum cursu fluvii Dwinae. -- Schaal [ongeveer 1:1.470.000]; No 4: Moscoviæ gubernium cum adiacentibus regionibus. -- Schaal [ongeveer 1:1.470.000]; No 5: Tabula geographica gubernium Smolenscense cum paribus Kioviensis, Belgorodensis et Voronicensis gubernii complectens. -- Schaal [ongeveer 1:1.470.000]; No 6: Territorium Mesenense et Pustoserense cum adiacentibus insulis et territoriis. -- Schaal [ongeveer 1:1.470.000]; No 7: Tataria minor cum adiacentibus Kioviensi et Belgorodensi guberniis. -- Schaal [ongeveer 1:1.470.000]; No 8: Provinciarum Ustiugæ et Chlynovi nec non territorium Iarenscensis, Vagæ, Ustiugæsoliwytschegdæ et Totmæ delineation geographica. -- Schaal [ongeveer 1:1.470.000]; No. 9: Casaniæ regnum cum adiacentibus provinciis et parte fluvii Volgæ. -- Schaal [ongeveer 1:1.470.000]; No 10: Delineatio fluvii Volgæ a Samara usque ad Tsaricin. -- Schaal [ongeveer 1:1.470.000]; No 11: Territorium Pontum Evxinum et mare Caspium interiacens Cubaniæ et Geogiæ delineationem geographicam reliquamque partem fluvii Volgæ eiusque ostium exhibens. -- Schaal [ongeveer 1:1.470.000]; No 12: Pars Siberiæ tractum inter Salinas ad Camam et Tobolium comprehendens. -- Schaal [ongeveer 1:1.470.000]; No 13: Uffensis provincia cum adiacentibus regionibus. -- Schaal [ongeveer 1:1.470.000]; No 14: Partes fluviorum Petschoræ Obii et Ieniseæ una cum eorum ostiis in oceanum septentrionalim se exonerantium. -- Schaal [ongeveer 1:3.444.000]; No 15: Tractus fluviorum Irtisch, Tobol, Ieniseae et Tungusae cum ipsorum fontibus, adiacentibusque itidem et interiacentibus regionibus. -- Schaal [ongeveer 1:3.444.000]; No 16: Pars Maris Glacialis Ostiumque fluvii Lenæ cum territorio septentrionali Iakutensi. -- Schaal [ongeveer 1:3.444.000]; No 17: Irkutensis vice præfectura cum mari Baikal et fonte fluvii Lenæ partibusque fluviorum Argun et Amur ac circumiacentibus territoriis. -- Schaal [ongeveer 1:3.444.000]; No. 18: Territorii Iacutensis pars orientalior cum maxima perte terræ Kamtschatkæ. -- Schaal [ongeveer 1:3.444.000]; No 19: Ostium fluvii Amur cum parte australiori terræ Kamschatkæ variisque in oceano sitis insulis inter quas pars eminet Iaponiæ. -- Schaal [ongeveer 1:3.444.000].</subfield>
    </datafield>
    <datafield tag="538" ind1=" " ind2=" ">
      <subfield code="a">Met nulmeridiaan van Ferro.</subfield>
    </datafield>
    <datafield tag="710" ind1="2" ind2=" ">
      <subfield code="a">Academia Scientiarum Imperialis Petropolitana.</subfield>
      <subfield code="4">aut</subfield>
      <subfield code="4">pbl</subfield>
      <subfield code="0">(NL-LeOCL)402413970</subfield>
    </datafield>
    <datafield tag="711" ind1="2" ind2=" ">
      <subfield code="a">Atlas russien contenant une carte generale et dixneuf cartes particulieres de tous l'empire de Russie et des pays limitrophes.</subfield>
    </datafield>
    <datafield tag="776" ind1="0" ind2=" ">
      <subfield code="t">Atlas Rvssicvs, mappa vna generali et vndeviginti specialibvs vastissimvm Imperivm Russicvm cvm adjacentibvs regionibvs secvndum leges geographicas et recentissimas observationes delineatvm exhibens</subfield>
      <subfield code="w">(NL-LeOCL)38042214X</subfield>
    </datafield>
    <datafield tag="936" ind1=" " ind2=" ">
      <subfield code="a">BATCHLOAD</subfield>
    </datafield>
  </record>